[Event "4NCL Division 4 South"]
[Site "Reading, ENG"]
[Date "2018.03.25"]
[Round "8.51"]
[White "Pink, Joshua"]
[Black "Tucker, David S"]
[Result "1/2-1/2"]
[WhiteElo "2050"]
[BlackElo "2020"]
[PlyCount "111"]
[EventDate "2018.03.25"]

1. d4 c5 2. d5 d6 3. c4 Nf6 4. Nc3 g6 5. e4 Bg7 6. Bd3 O-O 7. h3 e6 8. Nf3 exd5
9. cxd5 Re8 10. O-O c4 11. Bc2 b5 12. Nxb5 Nxe4 13. Re1 Nxf2 14. Kxf2 Rxe1 15.
Qxe1 Qb6+ 16. Be3 Qxb5 17. Bd4 Bb7 18. Bxg7 Kxg7 19. Qc3+ Kg8 20. Re1 Nd7 21.
Nd4 Qb6 22. Kf1 Ne5 23. Nf3 Bxd5 24. Nxe5 dxe5 25. Qxe5 Be6 26. Rd1 Rd8 27.
Rxd8+ Qxd8 28. Ke2 Qd5 29. Qxd5 Bxd5 30. g3 f5 31. Ke3 Kf7 32. Kd4 Ke6 33. a3
Bg2 34. h4 Bf1 35. Ba4 h6 36. Bc6 g5 37. hxg5 hxg5 38. Bd5+ Kd6 39. Bxc4 Bxc4
40. Kxc4 Ke5 41. Kd3 f4 42. Ke2 fxg3 43. Kf3 Kd4 44. Kxg3 Kc4 45. Kg4 Kb3 46.
Kxg5 Kxb2 47. a4 a5 48. Kf4 Kb3 49. Ke3 Kxa4 50. Kd2 Kb3 51. Kc1 Ka2 52. Kc2 a4
53. Kc1 a3 54. Kc2 Ka1 55. Kc1 a2 56. Kc2 1/2-1/2

[Event "4NCL Division 4 South"]
[Site "Reading, ENG"]
[Date "2018.03.25"]
[Round "8.52"]
[White "Girdlestone, Paul C"]
[Black "Ireland, David J"]
[Result "1-0"]
[WhiteElo "2033"]
[BlackElo "1997"]
[PlyCount "65"]
[EventDate "2018.03.25"]

1. e4 c5 2. b3 d6 3. Bb2 e5 4. f4 Nc6 5. Nf3 exf4 6. Bb5 Bg4 7. O-O Nf6 8. d4
Qb6 9. Bxc6+ bxc6 10. Nbd2 O-O-O 11. Nc4 Qc7 12. dxc5 d5 13. Nd6+ Bxd6 14. cxd6
Qb6+ 15. Bd4 c5 16. Bxf6 gxf6 17. Qxd5 Be6 18. Qd2 Qxd6 19. Qc3 Rhg8 20. Rf2 f5
21. Rd2 Qc6 22. Rxd8+ Rxd8 23. exf5 Bxf5 24. Re1 Be6 25. Qf6 Bd5 26. Qxc6+ Bxc6
27. Re5 Rd5 28. Kf2 Kd7 29. c4 Rd3 30. Ke2 Bxf3+ 31. Kxd3 Bxg2 32. Rxc5 f3 33.
Ke3 1-0

[Event "4NCL Division 4 South"]
[Site "Reading, ENG"]
[Date "2018.03.25"]
[Round "8.53"]
[White "Goodwin, Ed H"]
[Black "Rabbitt, Michael"]
[Result "1/2-1/2"]
[WhiteElo "1840"]
[BlackElo "2057"]
[PlyCount "101"]
[EventDate "2018.03.25"]

1. d4 d5 2. c4 e6 3. Nc3 Nf6 4. cxd5 Nxd5 5. e4 Nxc3 6. bxc3 c5 7. Nf3 cxd4 8.
cxd4 Bb4+ 9. Bd2 Bxd2+ 10. Qxd2 O-O 11. Bc4 Nd7 12. O-O Nf6 13. Rfe1 b6 14.
Rad1 Bb7 15. d5 Rc8 16. Bb3 exd5 17. exd5 Qd6 18. Nd4 Ng4 19. g3 Rfe8 20. Rxe8+
Rxe8 21. Qg5 Bc8 22. Nf5 Bxf5 23. Qxf5 Nf6 24. Rc1 g6 25. Qf4 Qxf4 26. gxf4 Rd8
27. Rc7 Nxd5 28. Bxd5 Rxd5 29. Rxa7 Kg7 30. Rb7 Rd6 31. Kg2 Kf6 32. Kg3 Ke6 33.
f3 h6 34. Rb8 Kd5 35. Rb7 Rf6 36. Rc7 b5 37. a3 Kd4 38. Rb7 Kc4 39. Rc7+ Kb3
40. Ra7 Rf5 41. Ra6 Rc5 42. Ra7 Rc4 43. Ra5 Rc5 44. a4 Kb4 45. Rxb5+ Rxb5 46.
axb5 Kxb5 47. f5 Kc5 48. fxg6 fxg6 49. h4 Kd5 50. h5 g5 51. f4 1/2-1/2

[Event "4NCL Division 4 South"]
[Site "Reading, ENG"]
[Date "2018.03.25"]
[Round "8.54"]
[White "Bourne, Johnathan D"]
[Black "Nwachukwu, Chino"]
[Result "0-1"]
[WhiteElo "1940"]
[BlackElo "1915"]
[PlyCount "40"]
[EventDate "2018.03.25"]

1. e4 c5 2. Nc3 g6 3. f4 Nc6 4. Nf3 Bg7 5. Bc4 e6 6. O-O Nge7 7. Qe1 a6 8. d3
Na5 9. f5 Nxc4 10. dxc4 gxf5 11. Ng5 O-O 12. exf5 Nxf5 13. Rxf5 exf5 14. Nd5
Re8 15. Qg3 d6 16. Bf4 Be6 17. Nxh7 Kxh7 18. Bg5 f6 19. Qh4+ Kg6 20. Nxf6 Rh8
0-1

[Event "4NCL Division 4 South"]
[Site "Reading, ENG"]
[Date "2018.03.25"]
[Round "8.55"]
[White "Atara, Omeet J"]
[Black "Tomboline, David"]
[Result "1/2-1/2"]
[WhiteElo "1832"]
[BlackElo "1960"]
[PlyCount "41"]
[EventDate "2018.03.25"]

1. d4 d5 2. Nf3 Nf6 3. c4 c6 4. Nc3 dxc4 5. a4 Bf5 6. e3 e6 7. Bxc4 Bb4 8. Qb3
Qe7 9. O-O O-O 10. Na2 Ba5 11. Bd3 Bxd3 12. Qxd3 Nbd7 13. b4 Bc7 14. Bb2 Rfd8
15. Qc2 Rdc8 16. Rac1 e5 17. Rfd1 Nd5 18. Nxe5 Nxe5 19. dxe5 Bxe5 20. Bxe5 Qxe5
21. Qb3 1/2-1/2

[Event "4NCL Division 4 South"]
[Site "Reading, ENG"]
[Date "2018.03.25"]
[Round "8.56"]
[White "Onslow, Teddy"]
[Black "Price, Andrew"]
[Result "0-1"]
[WhiteElo "1870"]
[BlackElo "1832"]
[PlyCount "82"]
[EventDate "2018.03.25"]

1. d4 d5 2. Bf4 c6 3. e3 e6 4. Bd3 f5 5. Nf3 Nf6 6. Nbd2 Nbd7 7. Ne5 Nxe5 8.
Bxe5 Be7 9. Bxf6 Bxf6 10. Qh5+ g6 11. Qe2 Qb6 12. Nb3 a5 13. c3 a4 14. Nc5 Be7
15. O-O Bxc5 16. dxc5 Qxc5 17. c4 dxc4 18. Bxc4 b5 19. Bd3 Bd7 20. Rac1 Qb6 21.
e4 O-O 22. Rfd1 Rad8 23. exf5 exf5 24. Qc2 Rfe8 25. b3 axb3 26. Qxb3+ Be6 27.
Qc2 Bd5 28. a4 bxa4 29. Qxa4 Ra8 30. Qf4 Kg7 31. Bc4 Re4 32. Qg5 Rxc4 33. Rxc4
Bxc4 34. Qe7+ Bf7 35. h4 Re8 36. Qg5 Re4 37. Rd6 Re1+ 38. Kh2 Re6 39. Rd8 Qxf2
40. h5 h6 41. Qc1 Qh4+ 0-1

[Event "4NCL Division 4 South"]
[Site "Reading, ENG"]
[Date "2018.03.25"]
[Round "8.61"]
[White "Jamroz, Krzysztof"]
[Black "Clark, Ian C"]
[Result "0-1"]
[WhiteElo "1983"]
[BlackElo "1996"]
[PlyCount "74"]
[EventDate "2018.03.25"]

1. e4 c5 2. Nf3 d6 3. c3 Nf6 4. Be2 Nbd7 5. Qc2 Qc7 6. d4 cxd4 7. Nxd4 a6 8.
O-O g6 9. Be3 Bg7 10. Nd2 O-O 11. Rfd1 e5 12. N4f3 d5 13. Qa4 dxe4 14. Nxe4 Ng4
15. Bg5 b5 16. Qb4 Ngf6 17. Nd6 Nb6 18. Qh4 Nfd5 19. Nxc8 Raxc8 20. Rd2 Rfe8
21. Bh6 Bxh6 22. Qxh6 e4 23. Ng5 f6 24. Nh3 e3 25. fxe3 Nxe3 26. Qh4 Nbc4 27.
Bxc4+ Nxc4 28. Rf2 f5 29. Qg5 Nd6 30. Qf4 Qc5 31. Kh1 Ne4 32. Rf3 Rcd8 33. Ng5
Nf6 34. b4 Qc6 35. Re3 Nd5 36. Qh4 h5 37. Ne6 Nxe3 0-1

[Event "4NCL Division 4 South"]
[Site "Reading, ENG"]
[Date "2018.03.25"]
[Round "8.62"]
[White "Bellers, Chris J"]
[Black "Tombolis, Christopher"]
[Result "1/2-1/2"]
[WhiteElo "1959"]
[BlackElo "1864"]
[PlyCount "84"]
[EventDate "2018.03.25"]

1. c4 Nf6 2. g3 e6 3. Bg2 d5 4. Nf3 Be7 5. O-O O-O 6. d4 dxc4 7. Ne5 c5 8. dxc5
Qc7 9. Nxc4 Rd8 10. Qc2 Nc6 11. e3 Nb4 12. Qb3 Qxc5 13. Nc3 Bd7 14. a3 Nd3 15.
e4 Ng4 16. Be3 Qh5 17. h3 Nxe3 18. Nxe3 Bc5 19. Qc2 Bc6 20. Rad1 Ne5 21. Rxd8+
Rxd8 22. Rd1 Rc8 23. Ncd5 exd5 24. Qxc5 dxe4 25. Qd4 Re8 26. g4 Qg5 27. Bxe4
Nf3+ 28. Bxf3 Bxf3 29. Rd2 h5 30. Qd7 Bc6 31. Qf5 Qxf5 32. gxf5 Re4 33. Kh2 h4
34. Ng2 g5 35. fxg6 fxg6 36. Ne3 $11 36... g5 37. Rd6 Kf7 38. Rd2 Re5 39. b4 a5
40. Rd4 axb4 41. axb4 Ke7 42. Kg1 b5 1/2-1/2

[Event "4NCL Division 4 South"]
[Site "Reading, ENG"]
[Date "2018.03.25"]
[Round "8.63"]
[White "Metcalfe, Charlie P"]
[Black "De Coverly, Roger D"]
[Result "0-1"]
[WhiteElo "1742"]
[BlackElo "1953"]
[PlyCount "88"]
[EventDate "2018.03.25"]

1. d4 Nf6 2. Nf3 g6 3. c4 Bg7 4. Nc3 O-O 5. e4 d6 6. Be2 e5 7. Be3 Na6 8. O-O
Ng4 9. Bg5 Qe8 10. h3 h6 11. Bd2 exd4 12. Nd5 c6 13. hxg4 cxd5 14. exd5 Qe4 15.
Ne1 Bd7 16. Bf3 Qe7 17. Nd3 Rfe8 18. Re1 Qf8 19. Qb3 Rab8 20. Bf4 b6 21. Qa3
Nc5 22. Nxc5 Rxe1+ 23. Rxe1 bxc5 24. Qxa7 Re8 25. Ra1 Bc8 26. a4 Be5 27. Bd2 d3
28. a5 Bxb2 29. Rb1 Qg7 30. Qb6 Bc3 31. Qc6 Rf8 32. Bxc3 Qxc3 33. a6 Qa5 34. a7
Qxa7 35. Qxd6 Qa2 36. Rd1 Qxc4 37. Qc6 Qd4 38. d6 Kg7 39. Qb5 $11 39... c4 40.
g5 hxg5 41. Bd5 Bg4 42. Rd2 Qa1+ 43. Kh2 Rh8+ 44. Kg3 Qe5+ 0-1

[Event "4NCL Division 4 South"]
[Site "Reading, ENG"]
[Date "2018.03.25"]
[Round "8.64"]
[White "Krawczuk, Michael J"]
[Black "Dias, Savin"]
[Result "1/2-1/2"]
[WhiteElo "1828"]
[BlackElo "1744"]
[PlyCount "131"]
[EventDate "2018.03.25"]

1. e4 c5 2. Nf3 d6 3. c3 Nf6 4. Bd3 Nc6 5. h3 g6 6. O-O Bg7 7. Bc2 e6 8. a3 O-O
9. d4 b5 10. Be3 cxd4 11. cxd4 d5 12. e5 Nd7 13. Nh2 Nb6 14. b3 Qc7 15. Nd2
Nxe5 16. Rc1 Nc6 17. Bd3 a6 18. Ndf3 Bb7 19. Ng4 Qe7 20. Nfe5 Rac8 21. Nxc6
Rxc6 22. Ra1 Rcc8 23. Qd2 h5 24. Ne5 Nd7 25. Nxd7 Qxd7 26. f4 Qc6 27. Rac1 Qb6
28. Be2 Qd6 29. b4 Rc6 30. Rxc6 Qxc6 31. Rc1 Qd7 32. Rc3 Rc8 33. Rxc8+ Qxc8 34.
Bd3 Qc7 35. Bb1 Qc4 36. Ba2 Qc7 37. Bb1 Bf8 38. Bd3 Qb6 39. Kf2 Qc6 40. Qb2 Bg7
41. Kg1 Qc7 42. Qd2 Qd8 43. Bb1 Bf8 44. Bd3 Bc6 45. Qc2 Bd7 46. Qc3 Bd6 47. Bb1
Qh4 48. Qd2 Qg3 49. Qf2 Qxf2+ 50. Kxf2 Kg7 51. Kf3 f6 52. Ba2 Bc6 53. Ke2 e5
54. fxe5 fxe5 55. Kd3 e4+ 56. Ke2 Kf6 57. Bb3 Kf5 58. Bd1 g5 59. Bc1 Bg3 60.
Be3 Bd7 61. Bb3 Be6 62. Kf1 Bf4 63. Kf2 Bxe3+ 64. Kxe3 g4 65. h4 Bf7 66. g3
1/2-1/2

[Event "4NCL Division 4 South"]
[Site "Reading, ENG"]
[Date "2018.03.25"]
[Round "8.65"]
[White "Jamroz, Viktor"]
[Black "Lovell, William Pm"]
[Result "1/2-1/2"]
[WhiteElo "1727"]
[BlackElo "1797"]
[PlyCount "59"]
[EventDate "2018.03.25"]

1. e4 c6 2. d4 d5 3. Nc3 dxe4 4. Nxe4 Bf5 5. Ng3 Bg6 6. Nf3 Nd7 7. h4 h6 8. h5
Bh7 9. Bd3 Bxd3 10. Qxd3 e6 11. Bd2 Ngf6 12. O-O-O Be7 13. Ne4 O-O 14. Kb1 c5
15. Nxf6+ Nxf6 16. Be3 Qc7 17. g3 Rfd8 18. Qe2 Rac8 19. dxc5 $11 19... Bxc5 20.
Rxd8+ Rxd8 21. Bxc5 Qxc5 22. Nd2 Qd5 23. Re1 Qxh5 24. Qxh5 Nxh5 25. c4 Nf6 26.
f3 Kf8 27. Kc2 Ke7 28. b4 h5 29. a4 g6 30. a5 1/2-1/2

[Event "4NCL Division 4 South"]
[Site "Reading, ENG"]
[Date "2018.03.25"]
[Round "8.66"]
[White "Smith, Steven J"]
[Black "Johnson, Elizabeth"]
[Result "1-0"]
[WhiteElo "1757"]
[BlackElo "1412"]
[PlyCount "89"]
[EventDate "2018.03.25"]

1. d4 d5 2. e3 Nf6 3. Bd3 e6 4. Nd2 c5 5. c3 Nc6 6. f4 Bd6 7. Qf3 Qc7 8. Nh3
Bd7 9. O-O O-O-O 10. b3 Ne7 11. Bb2 Kb8 12. Rfc1 Bc6 13. a3 c4 14. Bc2 b5 15.
b4 h6 16. g3 Nd7 17. a4 a6 18. axb5 Bxb5 19. Ba4 Bxa4 20. Rxa4 Kb7 21. e4 Nb6
22. Ra2 Qc6 23. e5 Bc7 24. Rca1 Ra8 25. Nb1 Qd7 26. Bc1 Ng6 27. Be3 Ne7 28. Nf2
Nf5 29. Nd1 Nxe3 30. Nxe3 Qe7 31. Nd2 Rhf8 32. Nexc4 f6 33. Na5+ Kc8 34. Qe2
fxe5 35. fxe5 Qd7 36. Rf1 Rf5 37. Rxf5 exf5 38. Ndb3 Na4 39. Rc2 Bxa5 40. Nxa5
Nb6 41. e6 Qe8 42. c4 dxc4 43. Nxc4 Kc7 44. Qe5+ Kc6 45. Na5# 1-0

[Event "4NCL Division 4 South"]
[Site "Reading, ENG"]
[Date "2018.03.25"]
[Round "8.71"]
[White "Adebajo, Olufemi"]
[Black "Farr, Peter G"]
[Result "1/2-1/2"]
[WhiteElo "1911"]
[BlackElo "2192"]
[PlyCount "93"]
[EventDate "2018.03.25"]

1. e4 e6 2. d4 d5 3. e5 c5 4. c3 Qb6 5. Nf3 Bd7 6. Bd3 Bb5 7. dxc5 Bxc5 8. O-O
Bxd3 9. Qxd3 a5 10. b3 Nc6 11. Ba3 Nh6 12. Bxc5 Qxc5 13. Nbd2 Nf5 14. a3 Qe7
15. b4 axb4 16. axb4 O-O 17. g3 f6 18. exf6 Qxf6 19. Rxa8 Rxa8 20. b5 Ne5 21.
Nxe5 Qxe5 22. f4 Qd6 23. Re1 Ra3 24. Qe2 Ra2 25. Qf2 Qd7 26. Qe2 Nd6 27. Qxe6+
Qxe6 28. Rxe6 Nxb5 29. Nf3 Nxc3 30. Ng5 Ra8 31. Re7 b5 32. Ne6 g6 33. Rg7+ Kh8
34. Rc7 Ne4 35. Rb7 Nc3 36. Nd4 Ra1+ 37. Kg2 h5 38. Nxb5 Ra2+ 39. Kf3 Ne4 40.
Nd4 Rxh2 41. Ne6 Rh3 42. Ke3 Rxg3+ 43. Kd4 Nf6 44. Rf7 Ng4 45. Rf8+ Kh7 46.
Rf7+ Kh8 47. Rf8+ 1/2-1/2

[Event "4NCL Division 4 South"]
[Site "Reading, ENG"]
[Date "2018.03.25"]
[Round "8.72"]
[White "Watson, Mikey J"]
[Black "Valentine, Brian J"]
[Result "1-0"]
[WhiteElo "1997"]
[BlackElo "1932"]
[PlyCount "143"]
[EventDate "2018.03.25"]

1. Nf3 Nf6 2. c4 c5 3. g3 Nc6 4. Bg2 g6 5. d4 cxd4 6. Nxd4 Bg7 7. O-O O-O 8.
Nb3 d6 9. Nc3 Be6 10. Nd5 Rc8 11. Nd2 Nd7 12. Nf4 Qb6 13. Nxe6 fxe6 14. Rb1
Nce5 15. Bh3 d5 16. cxd5 exd5 17. Nb3 Qd6 18. Bf4 Rc4 19. Qd2 e6 20. Qe3 b6 21.
Rbc1 Rfc8 22. Rxc4 Rxc4 23. Nd2 Rc6 24. Nb3 Rc4 25. Rd1 Kf7 26. Nd4 Nf8 27. b3
Rc5 28. Nf3 Nxf3+ 29. Qxf3 Qc6 30. Bd6+ Kg8 31. Bxc5 bxc5 32. e3 Qa6 33. Rd2 c4
34. bxc4 dxc4 35. Qe4 c3 36. Rc2 Qd6 37. Bg4 Qd5 38. Qxd5 exd5 39. Bf3 d4 40.
Bd5+ Kh8 41. exd4 Bxd4 42. Re2 Bc5 43. Bb3 Kg7 44. Re5 Bb4 45. Rb5 a5 46. a3
Bxa3 47. Rxa5 Bd6 48. Ra6 Bc5 49. Rc6 Bb4 50. f4 h5 51. Rc7+ Kh6 52. Kf1 Ba5
53. Ra7 Bb6 54. Rb7 Bd4 55. Rf7 Nh7 56. Rd7 Bg7 57. Rc7 Bd4 58. Rc4 Bf6 59. Rc6
Kg7 60. Ke2 g5 61. Rc7+ Kh6 62. Bc2 Bg7 63. Bxh7 Kxh7 64. fxg5 Kg6 65. Kd3 Be5
66. Rc5 Bg7 67. h4 Bh8 68. Rc6+ Kf5 69. Rh6 Be5 70. Rxh5 Bxg3 71. g6+ Kf6 72.
g7 1-0

[Event "4NCL Division 4 South"]
[Site "Reading, ENG"]
[Date "2018.03.25"]
[Round "8.73"]
[White "Williamson, Kevin J"]
[Black "Watson, Jacob"]
[Result "1/2-1/2"]
[WhiteElo "1903"]
[BlackElo "1982"]
[PlyCount "59"]
[EventDate "2018.03.25"]

1. d4 d5 2. Nc3 Nf6 3. Bg5 e6 4. Nf3 Be7 5. Bxf6 Bxf6 6. e4 O-O 7. e5 Be7 8.
Bd3 c5 9. h4 h6 10. dxc5 Nc6 11. a3 Bxc5 12. Qe2 a6 13. O-O b5 14. h5 Bb7 15.
Rfe1 Rc8 16. Rad1 Qb6 17. Nb1 b4 18. axb4 Nxb4 19. Nc3 Nxd3 20. cxd3 Bb4 21.
Rc1 d4 22. Na4 Qb5 23. Rxc8 Rxc8 24. Ra1 Bxf3 25. gxf3 Qc6 26. Qe4 Qxe4 27.
fxe4 a5 28. Nb6 Rc5 29. Nc4 g6 30. hxg6 1/2-1/2

[Event "4NCL Division 4 South"]
[Site "Reading, ENG"]
[Date "2018.03.25"]
[Round "8.74"]
[White "Royal, Shreyas"]
[Black "Majer, Chris E"]
[Result "1/2-1/2"]
[WhiteElo "1907"]
[BlackElo "1859"]
[PlyCount "65"]
[EventDate "2018.03.25"]

1. d4 Nf6 2. c4 c5 3. Nf3 cxd4 4. Nxd4 e5 5. Nb5 Bc5 6. Nd6+ Ke7 7. Nxc8+ Qxc8
8. Bg5 h6 9. Bxf6+ Kxf6 10. Nc3 Bb4 11. Qd3 g6 12. a3 Bxc3+ 13. Qxc3 Nc6 14. g3
Rb8 15. Bg2 b5 16. cxb5 Nd4 17. Rc1 Qxc3+ 18. Rxc3 Rxb5 19. e3 Ne6 20. b4 a5
21. O-O axb4 22. Rb3 Rhb8 23. Rfb1 Ke7 24. Rxb4 Rxb4 25. axb4 Kd6 26. Kf1 Kc7
27. Bd5 $11 27... Kb6 28. Ke2 Kb5 29. Kd3 Rc8 30. Bb7 Rc7 31. Bd5 Rc8 32. Bb7
Rc7 33. Bd5 1/2-1/2

[Event "4NCL Division 4 South"]
[Site "Reading, ENG"]
[Date "2018.03.25"]
[Round "8.75"]
[White "Whiteside, Robert"]
[Black "Cook, John"]
[Result "0-1"]
[WhiteElo "1786"]
[BlackElo "1825"]
[PlyCount "88"]
[EventDate "2018.03.25"]

1. e4 c5 2. d4 cxd4 3. c3 Nf6 4. e5 Nd5 5. cxd4 e6 6. Nf3 b6 7. Bd3 Bb7 8. O-O
d6 9. Qe2 Nd7 10. Na3 dxe5 11. Nxe5 a6 12. Re1 Be7 13. Nac4 b5 14. Qf3 N7f6 15.
Ne3 O-O 16. N3g4 Nxg4 17. Qxg4 Nf6 18. Qh4 g6 19. Bh6 Re8 20. Rad1 Qd5 21. f3
Qxa2 22. Bg5 Nd5 23. Nxf7 Bxg5 24. Nxg5 Nf6 25. Qf4 Rf8 26. Nxe6 Nh5 27. Qg5
Rf6 28. Nc7 Raf8 29. d5 Nf4 30. Be4 Qxb2 31. Ne6 R8f7 32. Nxf4 Rxf4 33. Bxg6
hxg6 34. Re8+ Kg7 35. d6 Bc6 36. Rc8 Bd7 37. Rc7 Qe2 38. Rdc1 Qd2 39. Qe5+ R4f6
40. R1c6 Qd1+ 41. Kf2 Qb3 42. Rxa6 Qe6 43. Qd4 g5 44. Ra3 Qxd6 0-1

[Event "4NCL Division 4 South"]
[Site "Reading, ENG"]
[Date "2018.03.25"]
[Round "8.76"]
[White "Dupuis, Denis K"]
[Black "Miller, Max C"]
[Result "0-1"]
[WhiteElo "1378"]
[BlackElo "1415"]
[PlyCount "56"]
[EventDate "2018.03.25"]

1. e4 c5 2. Nc3 Nc6 3. f4 d6 4. Bc4 a6 5. a4 g6 6. Nf3 Bg7 7. O-O Nf6 8. Qe1
O-O 9. Qg3 Nh5 10. Qe1 Nxf4 11. Ng5 e5 12. Nxf7 Rxf7 13. Bxf7+ Kxf7 14. g3 Bh3
15. Rf2 g5 16. gxf4 gxf4 17. Kh1 Bf6 18. Qd1 Qd7 19. Nd5 Bg4 20. Nxf6 Kxf6 21.
Qf1 Rg8 22. d3 Bh3 23. Qd1 Qg7 24. Bxf4 Bg2+ 25. Kg1 exf4 26. Rxf4+ Ke7 27. Kf2
Qd4+ 28. Ke2 Bf3+ 0-1

[Event "4NCL Division 4 South"]
[Site "Reading, ENG"]
[Date "2018.03.25"]
[Round "8.81"]
[White "Hutchinson, Norman A"]
[Black "Bennet-Stevens, Lucy"]
[Result "1-0"]
[WhiteElo "2060"]
[BlackElo "1930"]
[PlyCount "43"]
[EventDate "2018.03.25"]

1. e4 c5 2. c3 d5 3. exd5 Qxd5 4. Nf3 Nf6 5. d4 Bg4 6. dxc5 Qxd1+ 7. Kxd1 e5 8.
b4 e4 9. h3 Bh5 10. g4 Nxg4 11. hxg4 Bxg4 12. Nbd2 exf3 13. Bd3 f5 14. Nc4 Nd7
15. Bf4 O-O-O 16. Kc2 h6 17. Rae1 Rg8 18. c6 Nf6 19. cxb7+ Kxb7 20. Na5+ Ka8
21. Ba6 Bd6 22. Re7 1-0

[Event "4NCL Division 4 South"]
[Site "Reading, ENG"]
[Date "2018.03.25"]
[Round "8.82"]
[White "Samworth-Calvier, Juju"]
[Black "Kemp, Paul R"]
[Result "0-1"]
[WhiteElo "1907"]
[BlackElo "2047"]
[PlyCount "96"]
[EventDate "2018.03.25"]

1. e4 c6 2. Nc3 d5 3. Nf3 Bg4 4. h3 Bxf3 5. Qxf3 Nf6 6. d3 e6 7. Be2 Nbd7 8.
Qg3 d4 9. Nb1 g6 10. O-O Bg7 11. Nd2 O-O 12. f4 Qc7 13. e5 Nd5 14. Ne4 f6 15.
exf6 N7xf6 16. Ng5 Rae8 17. Bd2 Ne3 18. Bxe3 dxe3 19. Qxe3 Nd5 20. Qxa7 Rxf4
21. Rxf4 Nxf4 22. Bg4 Qd8 23. Nf3 h5 24. Bxh5 gxh5 25. Qxb7 Qd5 26. Kh1 Rf8 27.
Qe7 Nxg2 28. Qg5 Qxf3 29. Qxg2 Qxg2+ 30. Kxg2 Bxb2 31. Rb1 Bd4 32. Rb4 c5 33.
Rb6 Rf2+ 34. Kg3 Rxc2 35. Rxe6 Rxa2 36. Rh6 Rd2 37. Rxh5 Rxd3+ 38. Kf4 Re3 39.
h4 Re7 40. Rd5 Kf7 41. Kf5 Kg7 42. Rd6 Rf7+ 43. Kg4 Rf1 44. h5 Kf7 45. h6 Rf6
46. Rd7+ Ke6 47. Rb7 c4 48. h7 Rf7 0-1

[Event "4NCL Division 4 South"]
[Site "Reading, ENG"]
[Date "2018.03.25"]
[Round "8.83"]
[White "McCorry, Robert T"]
[Black "Finn, Thomas"]
[Result "1-0"]
[WhiteElo "2007"]
[BlackElo "1930"]
[PlyCount "107"]
[EventDate "2018.03.25"]

1. e4 e5 2. Bc4 Nf6 3. d3 Nc6 4. Nf3 Bc5 5. O-O d6 6. c3 O-O 7. Bg5 Bg4 8. Nbd2
Bb6 9. h3 Bh5 10. g4 Bg6 11. a4 a5 12. Nh4 Kh8 13. Qf3 h6 14. Be3 Nd7 15. Nf5
Bxe3 16. fxe3 Qf6 17. Qg3 Qd8 18. Rf2 Ne7 19. Raf1 Ng8 20. Nh4 Qe7 21. Ndf3
Ndf6 22. Nf5 Bxf5 23. exf5 e4 24. g5 Nh5 25. Qg4 exf3 26. f6 Nhxf6 27. gxf6
Nxf6 28. Qxf3 c6 29. e4 Qd7 30. Bb3 Rae8 31. Rg2 Nh7 32. h4 f6 33. d4 Re7 34.
Bc2 Rfe8 35. Kh1 Nf8 36. Rfg1 Ne6 37. e5 fxe5 38. dxe5 dxe5 39. Qe4 Nf8 40. Qe3
Qe6 41. Rf1 e4 42. Rf4 Qd5 43. Rd2 Qh5 44. Bd1 Qe5 45. Rdf2 Nh7 46. Rf5 Qd6 47.
Rd2 Qc7 48. Rdf2 Nf6 49. Be2 Nd5 50. Qd4 Qb6 51. Rxd5 Qxb2 52. Rd8 Qb1+ 53. Rf1
Qc2 54. Bh5 1-0

[Event "4NCL Division 4 South"]
[Site "Reading, ENG"]
[Date "2018.03.25"]
[Round "8.84"]
[White "Neale, George"]
[Black "McMahon, Paul"]
[Result "1-0"]
[WhiteElo "1810"]
[BlackElo "1959"]
[PlyCount "77"]
[EventDate "2018.03.25"]

1. d4 d5 2. c4 e6 3. Nc3 Nf6 4. Bg5 c6 5. cxd5 exd5 6. Nf3 Be7 7. e3 Bf5 8. Bd3
Ne4 9. Bxe7 Qxe7 10. Bxe4 dxe4 11. Nd2 O-O 12. Qh5 Qe6 13. Nb3 Bg6 14. Qh4 Nd7
15. Rd1 Rad8 16. d5 cxd5 17. Nxd5 f6 18. Nf4 Qf5 19. O-O Rfe8 20. Nd4 Qe5 21.
Qg4 Nf8 22. Rd2 Qe7 23. Rfd1 Rc8 24. h4 Rc5 25. Nxg6 hxg6 26. g3 Kh7 27. Kg2 f5
28. Qh3 Qf7 29. Ne2 Rc7 30. Nf4 Rd7 31. Rxd7 Nxd7 32. g4 Ne5 33. g5 Kg8 34. h5
Qe7 35. Qg3 Ng4 36. Qh4 gxh5 37. Qxh5 Rd8 38. Ng6 Qe8 39. Rxd8 1-0

[Event "4NCL Division 4 South"]
[Site "Reading, ENG"]
[Date "2018.03.25"]
[Round "8.85"]
[White "Ribbands, Patrick C"]
[Black "Finn, Daniel"]
[Result "1-0"]
[WhiteElo "1720"]
[BlackElo "1613"]
[PlyCount "85"]
[EventDate "2018.03.25"]

1. c4 c5 2. Nc3 Nc6 3. g3 g6 4. Bg2 Bg7 5. e3 d6 6. Nge2 Nf6 7. O-O O-O 8. d4
cxd4 9. exd4 Bf5 10. a3 Rb8 11. h3 a6 12. Be3 Qc8 13. Kh2 Re8 14. Rc1 Bd7 15.
b3 h5 16. Nd5 b6 17. b4 Na7 18. Nxf6+ Bxf6 19. Qd2 Bg7 20. d5 Qb7 21. Bd4 Bxd4
22. Nxd4 Kh7 23. Nf3 Rbc8 24. Ng5+ Kg8 25. Rfe1 Bf5 26. Be4 Qd7 27. Qf4 e6 28.
g4 hxg4 29. hxg4 Bxe4 30. Nxe4 Qe7 31. Nf6+ Kg7 32. Nxe8+ Rxe8 33. Kg3 e5 34.
Qe3 f5 35. Qf3 f4+ 36. Kg2 Rh8 37. Rh1 Rxh1 38. Rxh1 Kf6 39. Qh3 Qg7 40. Qh4+
g5 41. Qh6+ Qxh6 42. Rxh6+ Kg7 43. Rxd6 1-0

[Event "4NCL Division 4 South"]
[Site "Reading, ENG"]
[Date "2018.03.25"]
[Round "8.86"]
[White "Woods, Timothy J"]
[Black "Mountford, Corinne"]
[Result "1/2-1/2"]
[WhiteElo "1629"]
[BlackElo "1720"]
[PlyCount "33"]
[EventDate "2018.03.25"]

1. e4 c5 2. Nf3 g6 3. c4 Bg7 4. d4 cxd4 5. Nxd4 Nc6 6. Nb3 Nf6 7. Nc3 O-O 8.
Be2 d6 9. O-O Be6 10. f3 Rc8 11. Nd5 Ne8 12. Rb1 Bd7 13. Be3 e6 14. Nc3 a6 15.
Na4 Ne5 16. Nb6 Rc6 17. Nxd7 1/2-1/2

[Event "4NCL Division 4 South"]
[Site "Reading, ENG"]
[Date "2018.03.25"]
[Round "8.91"]
[White "Fulton, Anthony R"]
[Black "Ogunshola, Ben"]
[Result "0-1"]
[WhiteElo "2001"]
[BlackElo "2124"]
[PlyCount "66"]
[EventDate "2018.03.25"]

1. d4 g6 2. c4 Nf6 3. Nc3 Bg7 4. Nf3 O-O 5. e4 d6 6. Be2 Na6 7. O-O e5 8. a3 c6
9. b4 exd4 10. Nxd4 Re8 11. f3 Bd7 12. Bg5 Nc7 13. Qd2 Ne6 14. Nxe6 Rxe6 15.
Rad1 a5 16. b5 a4 17. Kh1 Qa5 18. e5 Rxe5 19. Bxf6 Bxf6 20. Qxd6 Re6 21. Qxd7
Bxc3 22. Bd3 Qb6 23. Be4 Bf6 24. bxc6 bxc6 25. Rb1 Qc5 26. Rb7 Be7 27. Rfb1
Qxc4 28. g4 Kg7 29. Bxc6 Rd8 30. Qc7 Rd2 31. Bb5 Qb3 32. Bc6 Qe3 33. Be4 Rxe4
0-1

[Event "4NCL Division 4 South"]
[Site "Reading, ENG"]
[Date "2018.03.25"]
[Round "8.92"]
[White "Olufemi, George"]
[Black "O'Shea, Colm"]
[Result "1-0"]
[WhiteElo "1825"]
[BlackElo "1817"]
[PlyCount "57"]
[EventDate "2018.03.25"]

1. e4 c5 2. Nc3 Nc6 3. Bb5 Nd4 4. Bc4 e6 5. f4 a6 6. a4 g6 7. Nf3 Bg7 8. O-O
Ne7 9. e5 Nxf3+ 10. Qxf3 d5 11. exd6 Qxd6 12. d3 Rb8 13. Ne4 Qc7 14. f5 Nxf5
15. g4 Nd4 16. Nd6+ Kd7 17. Qxf7+ Kxd6 18. Bf4+ e5 19. Bxe5+ Bxe5 20. Qd5+ Ke7
21. Rf7+ Ke8 22. Rxc7 Bxc7 23. Re1+ Ne6 24. Rxe6+ Bxe6 25. Qxe6+ Kd8 26. Qf6+
Kd7 27. Be6+ Kc6 28. Bg8+ Bd6 29. Qxh8 1-0

[Event "4NCL Division 4 South"]
[Site "Reading, ENG"]
[Date "2018.03.25"]
[Round "8.93"]
[White "Phillips, William"]
[Black "Fernando, Manel"]
[Result "1-0"]
[WhiteElo "1857"]
[BlackElo "1540"]
[PlyCount "89"]
[EventDate "2018.03.25"]

1. d4 d5 2. Nf3 Nf6 3. e3 Bf5 4. Bd3 Bxd3 5. Qxd3 e6 6. O-O Bd6 7. Nbd2 O-O 8.
e4 dxe4 9. Nxe4 Nbd7 10. Bg5 Be7 11. Nxf6+ Nxf6 12. Rad1 Qd6 13. Rfe1 Rad8 14.
Qb3 Qb6 15. Qxb6 axb6 16. Rd3 Rfe8 17. Red1 h6 18. Bh4 b5 19. Bg3 c6 20. a3 Nd5
21. Nd2 Ra8 22. c4 bxc4 23. Nxc4 Red8 24. Ne3 Nf6 25. Bc7 Rd7 26. Bb6 Ra6 27.
Bc5 Bd8 28. Kf1 Ne4 29. f3 Nd6 30. Bxd6 Rxd6 31. f4 f5 32. Nc4 Rd5 33. Re1 c5
34. Red1 Bf6 35. dxc5 Rxd3 36. Rxd3 Rc6 37. b4 Rc7 38. Ke2 Kf8 39. Kd2 Ke7 40.
Kc2 b5 41. Nd6 g5 42. Nxb5 Rc8 43. g3 gxf4 44. gxf4 h5 45. Rd6 1-0